| 000 | 00872cam a2200169 4500 | ||
|---|---|---|---|
| 001 | L129825 | ||
| 008 | 050526n2005 000 0 eng u | ||
| 035 | _a(Sirsi) u129825 | ||
| 041 | _aeng | ||
| 110 |
_aRoyal Institution of Chartered Surveyors _94900 |
||
| 245 | _aPaying too much rent on your business premises? | ||
| 260 |
_aLondon _bRICS _c2005 |
||
| 300 |
_a1 folded leaflet _c21cm. |
||
| 520 | _aDescribes a rent review and how a chartered surveyor can assist with rent reviews. Refers to the RICS Dispute Resolution Service for help with resolving landlord and tenant disputes. Suggests that customers should talk to an RICS member who is a specialist in business property. Contact details. | ||
| 690 | _aPROPERTY-COMMERCIAL PROPERTY-LEASEHOLD COMMERCIAL PROPERTY-COMMERCIAL LANDLORD AND TENANT-BUSINESS TENANCIES-RENT REVIEW (BUSINESS TENANCIES) | ||
| 942 | _n0 | ||
| 999 |
_c104286 _d104286 |
||